000 00334nam a22001457a 4500
003 SGT
082 _a612.015
_bSHA
100 _aSHAH, MURLI MANOHAR
245 _aDETERMINATION OF ANGIOTENSIN CONVERTING-I
260 _aGURUGRAM
_bSGT UNIVERSITY
_c2023
300 _a144
650 _aBIOCHEMISTRY
653 _aPHD
942 _2ddc
_cTH
999 _c26653
_d26653